| 000 | 02337nam1a2200337 i 4500 | ||
|---|---|---|---|
| 001 | RU\NLR\BIBL_A\012250130 | ||
| 005 | 20260405072854.0 | ||
| 035 | _a(RuMoRGB)010234063 | ||
| 035 | _a(NLR Aleph) 012250130 | ||
| 090 |
_a11077543 _c11077543 |
||
| 100 | _a20200228g2019 k y0rusy50 ca | ||
| 101 | 0 | _arus | |
| 102 | _aRU | ||
| 105 | _a||||z|||||||| | ||
| 181 | 0 |
_ai _baxxe |
|
| 182 | 0 | _an | |
| 200 | 1 |
_aТаксономическая и биогеографическая характеристика флоры Западного Предкавказья и Западного Кавказа: Phylum Magnoliophyta: Classis Liliopsida _dTaxonomic and biogeographic characteristics of the flora of the Western Ciscaucasus and Western Caucasus: Phylum Magnoliophyta: Classis Liliopsida _e[монография] _fС.А. Литвинская _zeng |
|
| 203 |
_aТекст _bвизуальный _cнепосредственный |
||
| 210 |
_aМосква _c[б. и.] _d2019 |
||
| 215 | _d31 | ||
| 300 | _aНа 4-й с. обл. авт.: С.А. Литвинская - д-р биол. наук, проф., Засл. работник высш. шк. Рос. Федерации, чл.-кор. РАЕН и Рос. Экол. акад., Засл. эколог Кубани, неоднократ. лауреат премии Администрации Краснодар. края в обл. образования, науки и культуры | ||
| 510 | 1 |
_6z11790 _aTaxonomic and biogeographic characteristics of the flora of the Western Ciscaucasus and Western Caucasus: Phylum Magnoliophyta: Classis Liliopsida _zeng |
|
| 606 | 1 |
_aОднодольные _yКавказ Западный _92441365 _3RU\NLR\AUTH\6601670185 |
|
| 606 | 1 |
_aОднодольные _yПредкавказье _92441369 _3RU\NLR\AUTH\6601670186 |
|
| 686 | 1 | _aЕ592.71(2Р37) | |
| 700 | 1 |
_8rus _7ca _aЛитвинская _bС. А. _gСветлана Анатольевна _3RU\NLR\AUTH\7725303 _98352 |
|
| 790 | 1 |
_8rus _7ba _aLitvinskaja _bS. A. _gSvetlana Anatol'evna _3RU\NLR\AUTH\7725305 _98354 |
|
| 852 |
_aNLR _j2020-9/75 |
||
| 942 | _cBOOK | ||